[Event "CZE-ch U12"]
[Site "Teplice"]
[Date "2023.03.13"]
[Round "3"]
[White "Frantsev, Iegor"]
[Black "Komarek, Tobias"]
[Result "1-0"]
[WhiteElo "1424"]
[BlackElo "1515"]
[PlyCount "91"]
[EventDate "2023.03.11"]
[EventType "swiss"]
[EventRounds "9"]
[EventCountry "CZE"]
[SourceTitle "CBM 213 Extra"]
[Source "ChessBase"]
[SourceDate "2023.05.31"]
[SourceVersion "1"]
[SourceVersionDate "2023.05.31"]
[SourceQuality "1"]

1. d4 d5 2. Bf4 Nf6 3. e3 c5 4. c3 Nc6 5. Nd2 Bf5 6. Qb3 c4 7. Nxc4 dxc4 8. Bxc4 e6 9. Qxb7 Qc8 10. Ba6 e5 11. dxe5 Nh5 12. e6 Bxe6 13. Qb5 Qd7 14. Qxh5 Rd8 15. Rd1 Qxd1+ 16. Qxd1 Rxd1+ 17. Kxd1 Bc5 18. Bb5 Bd7 19. Ke2 Ke7 20. Nf3 Bd6 21. Bxd6+ Kxd6 22. Rd1+ Kc7 23. Rxd7+ Kxd7 24. Ne5+ Kc7 25. Nxc6 a6 26. Ba4 Re8 27. Nd4 Rb8 28. b4 Kd6 29. Bb3 a5 30. a3 axb4 31. cxb4 Ra8 32. f3 Kd7 33. a4 Rb8 34. b5 Kd6 35. Nc6 Rb6 36. Kd3 Kc5 37. Bxf7 Rb7 38. Bb3 Rd7+ 39. Kc3 Rb7 40. e4 Rc7 41. e5 Rc8 42. e6 Rxc6 43. bxc6 Kxc6 44. a5 Kb5 45. e7 g5 46. e8Q+ 1-0

[Event "CZE-ch U12"]
[Site "Teplice"]
[Date "2023.03.13"]
[Round "4"]
[White "Komarek, Tobias"]
[Black "Maly, Jiri2222"]
[Result "1-0"]
[WhiteElo "1515"]
[BlackElo "1468"]
[PlyCount "55"]
[EventDate "2023.03.11"]
[EventType "swiss"]
[EventRounds "9"]
[EventCountry "CZE"]
[SourceTitle "CBM 213 Extra"]
[Source "ChessBase"]
[SourceDate "2023.05.31"]
[SourceVersion "1"]
[SourceVersionDate "2023.05.31"]
[SourceQuality "1"]

1. c4 c6 2. g3 Nf6 3. Bg2 d5 4. cxd5 cxd5 5. d4 Bf5 6. Nc3 e6 7. Bf4 Bd6 8. Bxd6 Qxd6 9. Nf3 Nc6 10. 0-0 h6 11. Qb3 b6 12. Nb5 Qd7 13. Qa3 Ne7 14. Nd6+ Kf8 15. Ne5 Qc7 16. Rac1 Qb8 17. Nxf5 exf5 18. Bxd5 Ke8 19. Bxa8 Qxa8 20. Qa4+ Kf8 21. Nd7+ Kg8 22. Nxf6+ gxf6 23. Rc7 Ng6 24. Rfc1 Kg7 25. Rxa7 Qe4 26. Qc4 Ne7 27. d5 Qe5 28. Qc7 1-0

[Event "CZE-ch U12"]
[Site "Teplice"]
[Date "2023.03.11"]
[Round "1"]
[White "Mazurek, Richard"]
[Black "Komarek, Tobias"]
[Result "0-1"]
[WhiteElo "1137"]
[BlackElo "1515"]
[PlyCount "116"]
[EventDate "2023.03.11"]
[EventType "swiss"]
[EventRounds "9"]
[EventCountry "CZE"]
[SourceTitle "CBM 213 Extra"]
[Source "ChessBase"]
[SourceDate "2023.05.31"]
[SourceVersion "1"]
[SourceVersionDate "2023.05.31"]
[SourceQuality "1"]

1. e4 c5 2. Nf3 Nc6 3. d4 cxd4 4. Nxd4 g6 5. c4 Bg7 6. Be3 Nf6 7. Nc3 Ng4 8. Qxg4 Nxd4 9. Qd1 Ne6 10. Rc1 0-0 11. Be2 d6 12. 0-0 Bd7 13. b3 Bc6 14. f3 a5 15. Nd5 Bxd5 16. cxd5 Nc5 17. Kh1 b6 18. Bb5 Nd7 19. Bxd7 Qxd7 20. Bxb6 Qb5 21. Bd4 Bxd4 22. Qxd4 Rfc8 23. h3 Rc5 24. Rfe1 Rac8 25. Rxc5 Rxc5 26. Qd2 Qb4 27. Qe3 Rc3 28. Qe2 a4 29. bxa4 Qxa4 30. Qb2 Rc2 31. Qb8+ Kg7 32. Qb3 Qxa2 33. Qxa2 Rxa2 34. Rb1 Kf6 35. Kh2 e6 36. Rb6 Ke5 37. dxe6 fxe6 38. f4+ Kxf4 39. Rxd6 Ke5 40. Rb6 Ra4 41. Kg3 Rxe4 42. Kf3 Rd4 43. Ke3 Rd5 44. Rb7 h5 45. g4 hxg4 46. hxg4 Rd4 47. Rb5+ Rd5 48. Rb6 Kf6 49. Ke4 Re5+ 50. Kf4 g5+ 51. Kf3 Rc5 52. Rb4 Rc3+ 53. Kg2 Rd3 54. Kf2 Ke5 55. Rb5+ Rd5 56. Rb4 Rd4 57. Rb5+ Kf4 58. Rb6 Re4 0-1

[Event "CZE-chT U12"]
[Site "Jihlava"]
[Date "2022.06.10"]
[Round "2.3"]
[White "Ocelak, Lukas"]
[Black "Komarek, Tobias"]
[Result "0-1"]
[WhiteElo "1252"]
[BlackElo "1222"]
[PlyCount "94"]
[EventDate "2022.06.10"]
[EventType "team-swiss"]
[EventRounds "9"]
[EventCountry "CZE"]
[SourceTitle "CBM 209 Extra"]
[Source "ChessBase"]
[SourceDate "2022.09.30"]
[SourceVersion "1"]
[SourceVersionDate "2022.09.30"]
[SourceQuality "1"]
[WhiteTeam "Lysa nad Labem U12"]
[BlackTeam "Jundrov Jezdci U12"]
[WhiteTeamCountry "CZE"]
[BlackTeamCountry "CZE"]

1. e4 c5 2. Nf3 d6 3. d4 cxd4 4. Nxd4 Nf6 5. Nc3 g6 6. Be3 Bg7 7. Qd2 Ng4 8. 0-0-0 Nxe3 9. Qxe3 Bd7 10. Be2 Nc6 11. h4 Nxd4 12. Rxd4 Bxd4 13. Qxd4 0-0 14. h5 Qb6 15. Qxb6 axb6 16. a3 Be6 17. f4 Rfc8 18. g4 Rxa3 19. bxa3 Rxc3 20. Kb2 Re3 21. Bd3 d5 22. exd5 Bxd5 23. Rg1 Be4 24. Bxe4 Rxe4 25. Rf1 Re2 26. hxg6 hxg6 27. f5 Re4 28. fxg6 fxg6 29. Rg1 Kg7 30. Kc3 Kh6 31. g5+ Kh5 32. Rg2 Re5 33. Kb4 Rxg5 34. Rxg5+ Kxg5 35. Kb5 e5 36. Kxb6 e4 37. Kxb7 e3 38. c4 e2 39. c5 e1Q 40. c6 Qh1 41. Kc7 Kf6 42. Kd7 Qd5+ 43. Kc7 g5 44. Kb6 Qd6 45. Kb7 Qxa3 46. c7 Qb4+ 47. Ka6 Qc5 0-1

[Event "EU-ch Hybrid U10"]
[Site "Tornelo INT"]
[Date "2021.10.15"]
[Round "5"]
[White "Boryna, Szymon"]
[Black "Komarek, Tobias"]
[Result "1/2-1/2"]
[WhiteElo "1082"]
[BlackElo "1260"]
[PlyCount "70"]
[EventDate "2021.10.15"]
[EventType "swiss"]
[EventRounds "9"]
[EventCountry "NET"]
[SourceTitle "EXT 2023"]
[Source "ChessBase"]
[SourceDate "2022.10.05"]
[SourceVersion "1"]
[SourceVersionDate "2022.10.05"]
[SourceQuality "1"]
[WhiteTeam "Poland"]
[BlackTeam "Czech Republic"]
[WhiteTeamCountry "POL"]
[BlackTeamCountry "CZE"]

1. c4 g6 2. Nc3 Bg7 3. Nf3 Nf6 4. g3 b6 5. Bg2 Bb7 6. 0-0 0-0 7. d3 d5 8. b3 Nbd7 9. Qc2 Nc5 10. Bb2 Ne6 11. e3 c5 12. Ne2 Qc7 13. Rac1 Rac8 14. Rfd1 Rfd8 15. h4 h6 16. Ne5 Ne8 17. Ng4 h5 18. Nh2 Bxb2 19. Qxb2 d4 20. e4 a5 21. Bh3 N8g7 22. Qd2 Ra8 23. a4 Kh7 24. Nf3 Bc8 25. Bxe6 Nxe6 26. Ng5+ Nxg5 27. Qxg5 Bg4 28. Re1 Bxe2 29. Rxe2 f6 30. Qd2 e5 31. Rf1 Qd7 32. Kg2 Qg4 33. f4 Rf8 34. Ref2 Kg7 35. Kh2 Rae8 1/2-1/2

[Event "EU-ch Hybrid U10"]
[Site "Tornelo INT"]
[Date "2021.10.15"]
[Round "9"]
[White "Tutekov, Teodor"]
[Black "Komarek, Tobias"]
[Result "1-0"]
[WhiteElo "1210"]
[BlackElo "1260"]
[PlyCount "53"]
[EventDate "2021.10.15"]
[EventType "swiss"]
[EventRounds "9"]
[EventCountry "NET"]
[SourceTitle "EXT 2023"]
[Source "ChessBase"]
[SourceDate "2022.10.05"]
[SourceVersion "1"]
[SourceVersionDate "2022.10.05"]
[SourceQuality "1"]
[WhiteTeam "Bulgaria"]
[BlackTeam "Czech Republic"]
[WhiteTeamCountry "BUL"]
[BlackTeamCountry "CZE"]

1. e4 e5 2. Nf3 Nc6 3. d4 exd4 4. Bc4 Bc5 5. 0-0 d6 6. c3 dxc3 7. Nxc3 Nf6 8. Bg5 Be6 9. Nd5 Bxd5 10. exd5 Nb8 11. Re1+ Kf8 12. Qc2 h6 13. Be3 Bxe3 14. Rxe3 g6 15. Rae1 Nbd7 16. Qc3 Kg7 17. b4 Nb6 18. Bb3 Kh7 19. Re7 Rf8 20. Qxf6 Kg8 21. Qh4 h5 22. Qf4 Nd7 23. Qg5 Kh7 24. Bc2 Ne5 25. Nxe5 dxe5 26. Qxg6+ Kh8 27. Qh7# 1-0